Gambito de caballo / (Record no. 61930)

MARC details
000 -LEADER
campo de control de longitud fija 00703nam a2200217 i 4500
001 - NÚMERO DE CONTROL
campo de control 61930
003 - IDENTIFICADOR DE NÚMERO DE CONTROL
campo de control ES-MaACL
005 - FECHA Y HORA DE LA ÚLTIMA TRANSACCIÓN
campo de control 20251018063046.0
007 - CAMPO FIJO DE DESCRIPCIÓN FÍSICA--INFORMACIÓN GENERAL
campo de control de longitud fija t|
008 - DATOS DE LONGITUD FIJA--INFORMACIÓN GENERAL
campo de control de longitud fija 031114s1972 sp ||||1| spa d
080 ## - NÚMERO DE LA CLASIFICACIÓN DECIMAL UNIVERSAL
Número de la Clasificación Decimal Universal 821.111(73)-32"19"
100 1# - ENTRADA PRINCIPAL--NOMBRE DE PERSONA
Nombre de persona Faulkner, William,
Fechas asociadas al nombre 1897-1962
9 (RLIN) 242365
245 10 - MENCIÓN DEL TÍTULO
Título Gambito de caballo /
Mención de responsabilidad, etc. William Faulkner ; [traducción, Lucrecia Moreno de Sáenz].
260 ## - PUBLICACIÓN, DISTRIBUCIÓN, ETC.
Lugar de publicación, distribución, etc. Madrid :
Nombre del editor, distribuidor, etc. Alianza Editorial,
Fecha de publicación, distribución, etc. [1972]
300 ## - DESCRIPCIÓN FÍSICA
Extensión 217 p. ;
Dimensiones 18 cm.
490 1# - MENCIÓN DE SERIE
Mención de serie El libro de bolsillo ;
Designación de volumen o secuencia 370. Literatura
700 1# - ENTRADA AGREGADA--NOMBRE PERSONAL
Nombre de persona Moreno, Lucrecia.
9 (RLIN) 83300
830 13 - PUNTO DE ACCESO ADICIONAL DE SERIE-TÍTULO UNIFORME
Título uniforme El libro de bolsillo
Designación de volumen o secuencia 370. Literatura
9 (RLIN) 177802
852 4# - LOCALIZACIÓN
Ubicación ES-MaACL
Número de control de estantería C-46037
Holdings
Estatus retirado Estado de pérdida Estado de daño No para préstamo Biblioteca de origen Biblioteca actual Ubicación en estantería Fecha de adquisición Fuente de adquisición Total de préstamos Signatura topográfica completa Código de barras Visto por última vez Precio de reemplazo Tipo de ítem Koha
        Biblioteca del Ateneo de Madrid Biblioteca del Ateneo de Madrid Depósito 2 17/01/2008     C-46037 1064931 23/02/2023 23/02/2023 Libro impreso